Christina Applegate Filmography - Statistics

General Stats
  • This quiz has been taken 45 times
    9 since last reset
  • The average score is 37 of 114
Answer Stats
Type Year Name % Correct
TV Show 1987-1997 | TBA Married... with Children
100%
TV Show 1993, 2012 Saturday Night Live
88%
Film 2004 Anchorman: The Legend of Ron Burgundy
75%
Film 2016 Bad Moms
75%
TV Show 2002, 2003 Friends
75%
Film 2017 A Bad Moms Christmas
63%
Film 2013 Anchorman 2: The Legend Continues
63%
Film 2015 Vacation
63%
Film 2011 Alvin and the Chipmunks: Chipwrecked
50%
Film 2015 Alvin and the Chipmunks: The Road Chip
50%
Film 2009 Alvin and the Chipmunks: The Squeakquel
50%
Web Series 2019-2022 Dead to Me
50%
Film 1991 Don't Tell Mom the Babysitter's Dead
50%
TV Show 1987 Family Ties
50%
Film 2011 Hall Pass
50%
TV Show 2007-2009 Samantha Who?
50%
Film 2002 The Sweetest Thing
50%
Film 2004 Wake Up, Ron Burgundy: The Lost Movie
50%
TV Show 1988 21 Jump Street
38%
Film 1995 Across the Moon
38%
TV Show 1986 All Is Forgiven
38%
TV Show 1986 Amazing Stories
38%
Music Video 2006 A Public Affair
38%
Web Series 2018 Ask the Storybots
38%
Film 1981 Beatlemania
38%
Video Game 2014 Book of Life: Sugar Smash
38%
Film 2010 Cats & Dogs: The Revenge of Kitty Galore
38%
TV Show 1984, 1985 Charles in Charge
38%
Film 1998 Claudine's Return
38%
Film 2017 Crash Pad
38%
TV Film 1988 Dance 'til Dawn
38%
TV Show 1972 Days of Our Lives
38%
Short Film 2013 Deadline: The Nikki Finke Story
38%
Film 2004 Employee of the Month
38%
Film 2006 Farce of the Penguins
38%
TV Show 1981 Father Murphy
38%
TV Show 2004 Father of the Pride
38%
Film 2010 Going the Distance
38%
TV Film 1983 Grace Kelly
38%
Film 2003 Grand Theft Parsons
38%
TV Show 1986-1987 Heart of the City
38%
Short Film 2002 Heroes
38%
Film 1981 Jaws of Satan
38%
TV Show 1998-2000 Jesse
38%
Film 2001 Just Visiting
38%
TV Show 2004 King of the Hill
38%
TV Show 1996, 1999 MADtv
38%
Film 1998 Mafia!
38%
Film 1996 Mars Attacks!
38%
Short Film 2015 Meryl: The Lifetime Biopic with Christina Applegate
38%
Film 1997 Nowhere
38%
Film 1999 Out in Fifty
38%
TV Show 1997 Pauly
38%
Short Film 2010 Prenatal Pole Dancing DVD
38%
TV Film 2001 Prince Charming
38%
Music Video 1990 Rattlesnake Kisses
38%
TV Show 2008 Reno 911!
38%
TV Show 1986 Silver Spoons
38%
Film 2003 Sol Goode
38%
TV Show 2011-2014 So You Think You Can Dance
38%
Web Series 2009 Star-ving
38%
TV Show 1985, 1986 Still the Beaver
38%
Film 1990 Streets
38%
Film 2004 Surviving Christmas
38%
TV Film 2005 Suzanne's Diary for Nicholas
38%
Theater 2005 Sweet Charity
38%
Film 1998 The Big Hit
38%
Film 2014 The Book of Life
38%
Film 2000 The Brutal Truth
38%
TV Special 1990 The Earth Day Special
38%
TV Show 2015 The Grinder
38%
TV Show 2015 The Muppets.
38%
Film 2008 The Rocker
38%
Short Film 2005 Tilt-A-Whirl
38%
TV Show 1991 Top of the Heap
38%
TV Show 2011-2012 Up All Night
38%
Film 1996 Vibrations
38%
Film 2003 View from the Top
38%
TV Show 1985 Washingtoon
38%
TV Show 2015 Web Therapy
38%
Film 1995 Wild Bill
38%
Film 2003 Wonderland
38%
Film 2016 Youth in Oregon
38%
Music Video 2004 Afternoon Delight
25%
TV Special 2003 Married... with Children Reunion
13%
TV Show 2003 Punk'd
13%
TV Film TBA Your Time Is Up
13%
Award Show 1999 1st Annual TV Guide Awards
0%
Documentary Series 2010 Biography
0%
Documentary 2009 Breast Cancer: The Path of Wellness & Healing
0%
TV Special 2009 Carrie Underwood: An All-Star Holiday Special
0%
TV Show 2002 Comedy Central Canned Ham
0%
Documentary Series 2001, 2008 E! True Hollywood Story
0%
TV Special 2012 FOX 25th Anniversary Special
0%
Documentary Series 2005 Getaway
0%
Commercial 2006 Hanes Underwear
0%
TV Show 2014 Hollywood Game Night
0%
Short Film 2011 How Will Ferrell Touched Me
0%
Documentary 2015 I Am Chris Farley
0%
TV Documentary 1991 Idols
0%
Documentary Series 1999, 2001 Intimate Portrait
0%
TV Show 2008 Kathy Griffin: My Life on the D-List
0%
Web Series 2014 Kid President: Declaration of Awesome
0%
Commercial 2019 M&M's
0%
Commercial 1972 Playtex Baby Nurser
0%
TV Show 2010 Shalom Sesame
0%
TV Special 2008, 2010 Stand Up to Cancer
0%
TV Special 2006 The Mark Twain Prize: Neil Simon
0%
Short Documentary 2002 The Pussycat Dolls Show
0%
TV Show 2004 Total Request Live
0%
TV Show 2002 Tracey Ullman's Visible Panty Lines
0%
Documentary Series 2013 Who Do You Think You Are?
0%
TV Show 1988 Win, Lose or Draw
0%
No matching quizzes found
Score Distribution
Percent of People with Each Score
Percentile by Number Answered
Your Score History
You have not taken this quiz since the last reset